| Tag |
First Indicator |
Second Indicator |
Subfields |
| LEADER |
00000cam a2200000 i 4500 |
| 001 |
in00000067515 |
| 005 |
20151007083740.0 |
| 008 |
790329s1978 nyua j 00010 eng |
| 010 |
|
|
|a 78052384
|
| 020 |
|
|
|a 0458934402 :
|c $6.95
|
| 035 |
|
|
|a (OCoLC)04601446
|
| 035 |
|
|
|9 AAF9820AM
|
| 040 |
|
|
|a DLC
|c DLC
|d TXA
|d UtOrBLW
|
| 049 |
|
|
|a [Curr Col] TXAM
|c [1159283]
|
| 050 |
0 |
0 |
|a SF375.2
|b .M54 1978
|
| 082 |
0 |
|
|a 636.3/07
|
| 100 |
1 |
|
|a Miller, Jane,
|d 1897-
|
| 245 |
1 |
0 |
|a Lambing time /
|c Jane Miller.
|
| 264 |
|
1 |
|a New York :
|b Methuen,
|c [1978]
|
| 264 |
|
4 |
|c ©1978
|
| 300 |
|
|
|a 40 unnumbered pages :
|b illustrations ;
|c 25 cm.
|
| 336 |
|
|
|a text
|b txt
|2 rdacontent
|
| 337 |
|
|
|a unmediated
|b n
|2 rdamedia
|
| 338 |
|
|
|a volume
|b nc
|2 rdacarrier
|
| 520 |
|
|
|a Text and photographs record the birth and first two weeks of life of twin lambs.
|
| 650 |
|
0 |
|a Lambs
|x Juvenile literature.
|
| 650 |
|
0 |
|a Sheep
|x Parturition
|x Juvenile literature.
|
| 650 |
|
1 |
|a Sheep.
|
| 650 |
|
1 |
|a Animals
|x Infancy.
|
| 650 |
|
1 |
|a Birth.
|
| 999 |
|
|
|a MARS
|
| 999 |
f |
f |
|s 6dbd9cc7-7a2d-36b9-85a7-39a0edb4e30a
|i b569ac74-a06a-34ea-9550-f3ae7c63ed53
|t 0
|
| 952 |
f |
f |
|p ric
|a Texas A&M University
|b Rellis Campus
|c Joint Library Facility
|d Remote Storage
|t 0
|e SF375.2 .M54 1978
|h Library of Congress classification
|i unmediated -- volume
|m A14800259355
|
| 998 |
f |
f |
|a SF375.2 .M54 1978
|t 0
|l Remote Storage
|